[Event "Heraklion op 18th"]
[Site "Heraklion"]
[Date "2016.09.07"]
[Round "6"]
[White "Petrakis, Nikolaos"]
[Black "Panagiotakos, Nikolaos"]
[Result "0-1"]
[WhiteElo "1577"]
[BlackElo "2133"]
[PlyCount "100"]
[EventDate "2016.09.03"]
[EventType "swiss"]
[EventRounds "9"]
[EventCountry "GRE"]
[SourceTitle "CBM 174 Extra"]
[Source "ChessBase"]
[SourceDate "2016.10.10"]
[SourceVersion "1"]
[SourceVersionDate "2016.10.10"]
[SourceQuality "1"]

1. d4 Nf6 2. c4 e6 3. a3 b6 4. Nc3 Bb7 5. Bg5 Be7 6. e3 0-0 7. Nf3 d5 8. Bd3 dxc4 9. Bxc4 Nbd7 10. 0-0 c5 11. Qe2 Rc8 12. Ba6 Bxa6 13. Qxa6 cxd4 14. Nxd4 Nc5 15. Qe2 Qc7 16. Rac1 Qb7 17. b4 Ncd7 18. Qb2 Ne5 19. Qb3 Ng6 20. b5 Rc5 21. Bxf6 Bxf6 22. Nce2 Ne5 23. f4 Nd7 24. Nc6 Nb8 25. Qa4 a6 26. Rxc5 bxc5 27. Na5 Qxb5 28. Qxb5 axb5 29. Rb1 Nd7 30. Rxb5 Ra8 31. Ng3 Bd8 32. Nc4 Ra4 33. Rb7 Rxc4 34. Rxd7 Bh4 35. Kf2 Kf8 36. Kf3 f5 37. Ne2 Ra4 38. Rc7 Be7 39. Nc3 Rxa3 40. Nb5 Rb3 41. Na7 Rc3 42. Nc8 Bf6 43. Ke2 Rc2+ 44. Kf3 c4 45. Nd6 c3 46. h3 Rd2 47. Nc4 Ra2 48. g4 c2 49. Nb6 Bd8 50. Rc8 Ke7 0-1

[Event "Heraklion Gazi op 10th"]
[Site "Heraklion"]
[Date "2014.08.03"]
[Round "6"]
[White "Konstantelias, Konstantinos"]
[Black "Petrakis, Nikolaos"]
[Result "1-0"]
[WhiteElo "1975"]
[BlackElo "1667"]
[PlyCount "65"]
[EventDate "2014.07.30"]
[EventType "swiss"]
[EventRounds "9"]
[EventCountry "GRE"]
[SourceTitle "EXT 2016"]
[Source "ChessBase"]
[SourceDate "2015.10.08"]
[SourceVersion "1"]
[SourceVersionDate "2015.10.08"]
[SourceQuality "1"]

1. e4 Nf6 2. e5 Nd5 3. c4 Nb6 4. d4 d6 5. exd6 exd6 6. Nc3 g6 7. Be3 Bg7 8. Qd2 Nc6 9. Be2 Ne7 10. Bh6 Bxh6 11. Qxh6 Nf5 12. Qd2 0-0 13. 0-0-0 d5 14. c5 Nc4 15. Bxc4 dxc4 16. Nf3 a6 17. Ne5 Qh4 18. g3 Qh6 19. Qxh6 Nxh6 20. Nxc4 Bg4 21. Rd2 Rad8 22. Ne5 Bh3 23. f3 f6 24. Nc4 Bc8 25. Re1 Nf5 26. d5 Kf7 27. b4 h5 28. b5 axb5 29. Nxb5 c6 30. Nbd6+ Nxd6 31. Nxd6+ Kg8 32. Re7 b6 33. dxc6 1-0

[Event "Heraklion Gazi op 10th"]
[Site "Heraklion"]
[Date "2014.07.31"]
[Round "2"]
[White "Petrakis, Nikolaos"]
[Black "Stavrianos, Vasilios"]
[Result "1-0"]
[WhiteElo "1667"]
[BlackElo "1544"]
[PlyCount "85"]
[EventDate "2014.07.30"]
[EventType "swiss"]
[EventRounds "9"]
[EventCountry "GRE"]
[SourceTitle "EXT 2016"]
[Source "ChessBase"]
[SourceDate "2015.10.08"]
[SourceVersion "1"]
[SourceVersionDate "2015.10.08"]
[SourceQuality "1"]

1. c4 e6 2. e3 d5 3. a3 Nf6 4. Nf3 Be7 5. Be2 0-0 6. 0-0 dxc4 7. Bxc4 c5 8. Qc2 b6 9. Nc3 Bb7 10. Be2 Nc6 11. Rd1 Rc8 12. d4 cxd4 13. exd4 Qc7 14. Bg5 Rfd8 15. Rac1 Nd5 16. Qe4 Bxg5 17. Nxg5 Nf6 18. Qh4 Qe7 19. Bd3 h6 20. Nf3 Nd5 21. Qe4 Nf6 22. Qe3 Na5 23. Nd2 Nc6 24. Ne2 Nd5 25. Qg3 Qd6 26. f4 Nde7 27. Ne4 Nf5 28. Nxd6 Nxg3 29. Nxc8 Nxe2+ 30. Bxe2 Rxc8 31. d5 exd5 32. Rxd5 Re8 33. Bb5 Re6 34. Bxc6 Bxc6 35. Re5 Rd6 36. Re2 Bb5 37. Rec2 a5 38. h3 Kf8 39. Rc7 g6 40. R1c3 a4 41. Rb7 Be8 42. Re3 b5 43. Rb8 1-0